Abuso sexual en la infancia y ética profesional : (Record no. 189653)

MARC details
000 -CABECERA
campo de control de longitud fija 02580cab a2200313 ab4500
005 - FECHA Y HORA DE LA ÚLTIMA TRANSACCIÓN
campo de control 20231011124757.0
008 - ELEMENTOS DE LONGITUD FIJA--INFORMACIÓN GENERAL
campo de control de longitud fija 991125c2015 ag fr p o 000 0 spa d
035 ## - NÚMERO DE CONTROL DEL SISTEMA
Número de control de sistema UPN01000217553
040 ## - FUENTE DE LA CATALOGACIÓN
Centro catalogador/agencia de origen MX-MxUPN
Lengua de catalogación spa
Centro/agencia transcriptor MX-MxUPN
Normas de descripción aacr2
049 ## - COLECCIÓN
Colección ART-E
100 1# - ASIENTO PRINCIPAL--NOMBRE PERSONAL
Nombre de persona Ormart, Elizabeth Beatriz
100 1# - ASIENTO PRINCIPAL--NOMBRE PERSONAL
Filiación eormart@gmail.com
100 1# - ASIENTO PRINCIPAL--NOMBRE PERSONAL
Nombre de persona Salomone, Gabriela Zulma
100 1# - ASIENTO PRINCIPAL--NOMBRE PERSONAL
Nombre de persona Lima, Natacha Salomé
100 1# - ASIENTO PRINCIPAL--NOMBRE PERSONAL
Nombre de persona López, Giselle Andrea
100 1# - ASIENTO PRINCIPAL--NOMBRE PERSONAL
Nombre de persona Pena, Federico Ignacio
245 10 - MENCIÓN DE TÍTULO
Título Abuso sexual en la infancia y ética profesional :
Resto del título algunas consideraciones sobre la responsabilidad del psicólogo a partir del Film Jagten.
Medio [recurso electrónico en línea]
506 0# - NOTA DE RESTRICCIONES AL ACCESO
Limitaciones de acceso Acceso abierto
520 3# - NOTA DE RESUMEN, ETC.
Sumario, etc. ¿Cómo debería proceder un profesional de la salud frente a una sospecha de abuso sexual infantil? Desde el marco deontológico, la normativa es clara: según la Ley 24.417 de Protección contra la violencia familiar y el decreto reglamentario de la ley se establece un plazo para llevar a cabo la denuncia. Ese plazo es un margen flexible que introduce la normativa donde prima el criterio profesional, es decir se pone en juego la dimensión de juicio crítico que supone la ética en situación, pudiendo el psicólogo disponer de un tiempo acotado para intentar alguna maniobra terapéutica que haga cesar el abuso. Sin embargo, en casos como estos es necesario hacer intervenir a la justicia (vía la denuncia) que al operar como Otro de la ley introduce la instancia de sanción social, punto de partida insoslayable para esta problemática. A partir de la Convención Internacional sobre los Derechos del Niño (CDN) que introduce un nuevo paradigma jurídico, social y político respecto de la niñez, analizaremos los alcances de la noción de autonomía progresiva con respecto al interés superior del niño. El film La Caza (Jacten, Vinterberg 2012) se presenta como escenario privilegiado para reflexionar en torno a las complejidades deontológicas y clínicas del derecho del niño a ser oído; la dialéctica autonomía- vulnerabilidad y las implicancias subjetivas del rol del psicólogo en estos casos. PP
653 0# - TERMINO DE INDIZACION - NO CONTROLADO
Término no controlado Abuso sexual infantil
653 0# - TERMINO DE INDIZACION - NO CONTROLADO
Término no controlado Ética profesional
653 0# - TERMINO DE INDIZACION - NO CONTROLADO
Término no controlado Psicología forense
653 0# - TERMINO DE INDIZACION - NO CONTROLADO
Término no controlado Derechos humanos
773 ## - ENLACE AL DOCUMENTO FUENTE/ENTRADA DE REGISTRO ANFITRIÓN
Parte(s) relacionada(s) Vol. 12, no. 3 (esp.) (2015), p. 66-77
Título Perspectivas en psicología : revista de psicología y ciencias afines
Número Internacional Normalizado para Publicaciones Seriadas 1853-8800
856 4# - LOCALIZACIÓN Y ACCESO ELECTRÓNICOS
Identificador Uniforme del Recurso <a href="http://200.0.183.216/revista/index.php/pep/article/view/214">http://200.0.183.216/revista/index.php/pep/article/view/214</a>
902 ## - ELEMENTOS DE DATOS B LOCAL, LDB (RLIN)
Modificó Leonor Sotres/111023
905 ## - TIPO DE MATERIAL
Tipo de material Articulo
942 ## - ELEMENTOS DE PUNTO DE ACCESO ADICIONAL (KOHA)
Tipo de ítem Koha Artículo Electrónico
Holdings
Estado de retiro Estado de pérdida Estado dañado No para préstamo Código de colección Localización permanente Ubicación/localización actual Ubicación en estantería Fecha de adquisición Total de préstamos Fecha visto por última vez Identificador Uniforme del Recurso Precio válido a partir de Tipo de ítem Koha
        Acceso abierto Bib. Gregorio Torres Quintero Bib. Gregorio Torres Quintero En línea 11/10/2023   11/10/2023 http://200.0.183.216/revista/index.php/pep/article/view/214 11/10/2023 Artículo Electrónico